|
|
|
|
| LEADER |
01451cam a2200301 7i4500 |
| 001 |
0000045981 |
| 005 |
20190328090000.0 |
| 020 |
|
|
|a 9789057681462 (pbk. ; vol. 4)
|
| 020 |
|
|
|a 9789057681455 (pbk. ; vol. 3)
|
| 020 |
|
|
|a 9789057681431 (pbk. ; vol. 1)
|
| 090 |
0 |
0 |
|a TS195.4
|b .R66 2010
|
| 100 |
1 |
|
|a Roojen, Pepin Van
|
| 245 |
1 |
0 |
|a Structural pakage design
|c Pepin Van Roojen.
|
| 260 |
|
|
|a Amsterdam, The Netherlands,
|c 2010.
|
| 300 |
|
|
|a 4 v.:
|b ill. col.;
|c 22 cm..
|
| 501 |
|
|
|a With CD-ROM : Structural package design : Fancy packaging / Pepin Van Roojen
|
| 501 |
|
|
|a With CD-ROM : Structural package design : complex packaging / Pepin Van Roojen
|
| 501 |
|
|
|a With CD-ROM ; Structural package design : Basic packaging / Pepin Van Roojen
|
| 505 |
0 |
|
|a v. 1. Basic packaging. -- v. 2. Advanced packaging. -- v. 3. Complex packaging. -- v. 4. Fancy packaging
|
| 650 |
0 |
0 |
|a Packaging --
|x Design
|
| 650 |
0 |
0 |
|a Graphic arts
|
| 997 |
|
|
|a Communication, Visual Art & Computing, Faculty
|b Visual Art, Department
|
| 999 |
|
|
|a 0000052327
|b BOK
|c OPEN SHELF
|e 2nd Floor, Bestari Jaya
|
| 999 |
|
|
|a 0000052328
|b BOK
|c OPEN SHELF
|e 2nd Floor, Bestari Jaya
|
| 999 |
|
|
|a 0000052331
|b BOK
|c OPEN SHELF
|e 2nd Floor, Bestari Jaya
|
| 999 |
|
|
|a CDR0002352
|b CD-ROM
|c OPEN SHELF
|e Circulation Counter, Shah Alam
|
| 999 |
|
|
|a CDR0002353
|b CD-ROM
|c OPEN SHELF
|e Circulation Counter, Shah Alam
|
| 999 |
|
|
|a CDR0002354
|b CD-ROM
|c OPEN SHELF
|e Circulation Counter, Shah Alam
|